| 000 | 01310cam a2200361 a 4500 | ||
|---|---|---|---|
| 999 |
_c331586 _d331586 |
||
| 001 | 13940696 | ||
| 003 | NUST | ||
| 005 | 20171004154401.0 | ||
| 008 | 040211s2003 pk b 100 0 eng | ||
| 010 | _a 2003343696 | ||
| 020 | _a9698755004 | ||
| 025 | _aP-E-2003343696; 16 | ||
| 035 | _a(DLC) 2003343696 | ||
| 040 |
_aDLC _cDLC |
||
| 042 | _alcode | ||
| 043 | _aa-pk--- | ||
| 050 | 0 | 0 |
_aQ127.P26 _bT69 2003 |
| 082 | 0 | 0 |
_a509.5491 _bTOW |
| 245 | 0 | 0 |
_aTowards understanding the state of science in Pakistan / _cedited by Inayatullah. |
| 250 | _a1st ed. | ||
| 260 |
_aIslamabad : _bCouncil of Social Sciences, _c2003. |
||
| 300 |
_a157 p. ; _c23 cm. |
||
| 500 | _aPapers originally presented at a seminar organized by the Council of Social Sciences, Pakistan. | ||
| 504 | _aIncludes bibliographical references. | ||
| 650 | 0 |
_aScience _zPakistan _vCongresses. _95251 |
|
| 650 | 0 |
_aScience _xSocial aspects _zPakistan _vCongresses. _95252 |
|
| 650 | 0 |
_aIslam and science _vCongresses. _95253 |
|
| 700 | 0 |
_aInayatullah. _95254 |
|
| 710 | 2 |
_aCouncil of Social Sciences (Islamabad, Pakistan) _95255 |
|
| 906 |
_a7 _bcbc _corigode _d3 _encip _f20 _gy-gencatlg |
||
| 942 |
_2ddc _cBK |
||